Instant love /

Gespeichert in:
Bibliographische Detailangaben
1. Verfasser: Bianchini, Luca, (1970- ) (Verfasst von)
Format: Buch
Sprache:Italienisch
Veröffentlicht: Milano : Mondadori, 2004
Schriftenreihe:Bestsellers ; 1424
Tags: Tag hinzufügen
Keine Tags, Fügen Sie das erste Tag hinzu!

MARC

LEADER 00000nam a22000007i 4500
001 IT\ICCU\CAG\0762760
003 ItRI
005 20260115231851.0
008 040823s2004 it |||||| ||||| |||||c
020 |a 8804534087 
020 |a 9788804534082 (4. rist. 2007) 
040 |b ita  |c importazione bologna sebina 
041 7 |a ita  |2 ISO-639-2 
082 |a 853  |9 NARRATIVA ITALIANA  |2 12 
100 1 |a Bianchini, Luca,  |d  (1970- )  |0 IT\ICCU\RAVV\341192  |4 aut 
240 1 0 |a Istant love. -  |3 IT\ICCU\RAV\1997396  |9 Bianchini, Luca <1970- > 
245 1 0 |a Instant love /  |c Luca Bianchini. 
260 |a Milano :  |b Mondadori,  |c 2004 
300 |a 347 p. ;  |c 20 cm. 
830 0 |a Bestsellers ;  |v 1424  |0 IT\ICCU\CFI\0012751 
942 |2 ddc  |c BK  |n 0 
952 |0 0  |1 0  |4 0  |6 DOC_853_920000000000000_BIA  |7 0  |9 14662  |a BO  |b BO  |d 2026-01-15  |i 8290  |l 0  |o DOC 853.92 BIA  |p BO8290  |r 2026-01-15 23:18:51  |w 2026-01-15  |x [Sebina 5] [1 v.]  |y BK  |z 1 v. 
999 |c 12638  |d 12638